Quizzes
Events
Quiz Creation
Community
Videos
Private Events
Remove Ads
Sign In
Join for FREE
Feedback
Dark Mode
Quiz Categories
Sports
Geography
Music
Movies
Television
Just For Fun
Miscellaneous
History
Literature
Language
Science
Gaming
Entertainment
Religion
Holiday
For Kids
Quiz Lab
Recent
Popular Today
Quiz Kudos Today
Editor Picks
Curator Picks
Quizzes by...
Day
Popularity
Type
Ratings
Length
Year
Community
Subscriptions
Recent Discussions
Orange Saloon
Badges
Playlists
Quests
Create
Leaderboards
Showdown
Live 5
Trivia Bingo
Activity
Puzzle Library
Sporcle Events
Private Events
Virtual Trivia
Globe League
Become a Host
Pub Owners
SporcleCon
Opinionation
Our Games
Videos
Blog
Mobile Apps
Partnerships
Remove Ads and Go Orange
Feedback
Sports
Athletes
MLB
NBA
NHL
NFL
Soccer
Sports Teams
WWE
NCAA
Football
Premier League
Basketball
Baseball
Hockey
Golf
Tennis
Cricket
Rugby
Auto Racing
Olympics
World Cup
Sports
Athletes
MLB
NBA
NHL
NFL
Soccer
Sports Teams
WWE
NCAA
Football
Premier League
Basketball
Baseball
Hockey
Golf
Tennis
Cricket
Rugby
Auto Racing
Olympics
World Cup
Random Quiz
Search Sporcle
×
Quiz Lab
Quiz Lab
Sports
Loser
Type in answers that appear in a list
Type in answers that appear in a list
Classic
Best Score? Go Orange.
March Madness Final Game Losers Stats
Can you name the March Madness Final Game Losers?
By
joeym3546
16m
63 Questions
94 Plays
94 Plays
94 Plays
Comments
Comments
Give Quiz Kudos
Give Quiz Kudos
-
- Ratings
hide this ad
Replay
Link that replays current quiz
Next Quiz
Link to next quiz in quiz playlist
You Got
0%
They Got
Avg Score
78%
Avg Friend Score
Upgrade to see
Score Distribution
Jump to the score distribution portion of the page
Score
0/63
Timer
16:00
0
Plays Today
Year
Team
% Correct
2018
Michigan
100%
2022
North Carolina
100%
2023
San Diego St
100%
2016
North Carolina
97.9%
2013
Michigan
97.9%
2012
Kansas
97.9%
2003
Kansas
97.9%
1993
Michigan
97.9%
1992
Michigan
97.9%
1991
Kansas
97.9%
1981
North Carolina
97.9%
1977
North Carolina
97.9%
1976
Michigan
97.9%
1968
North Carolina
97.9%
1965
Michigan
97.9%
2014
Kentucky
95.7%
2009
Michigan St
95.7%
2007
Ohio St
95.7%
1997
Kentucky
95.7%
1975
Kentucky
95.7%
1966
Kentucky
95.7%
1961
Ohio St
95.7%
1962
Ohio St
95.7%
2011
Butler
94.7%
2010
Butler
94.7%
1999
Duke
94.7%
1994
Duke
94.7%
1990
Duke
94.7%
1986
Duke
94.7%
1978
Duke
94.7%
1964
Duke
94.7%
2015
Wisconsin
93.6%
Year
Team
% Correct
2006
UCLA
91.5%
2002
Indiana
91.5%
1980
UCLA
91.5%
1985
Georgetown
90.4%
1982
Georgetown
90.4%
1979
Indiana St
90.4%
1996
Syracuse
89.4%
1987
Syracuse
89.4%
2019
Texas Tech
88.9%
2017
Gonzaga
87.5%
2000
Florida
87.2%
2021
Gonzaga
83.3%
2005
Illinois
83%
2001
Arizona
83%
2008
Memphis
81.9%
1972
Florida St
80.9%
1984
Houston
78.7%
1983
Houston
78.7%
1973
Memphis St
77.7%
1995
Arkansas
75.5%
1988
Oklahoma
75.5%
2004
Georgia Tech
74.5%
1998
Utah
72.3%
1971
Villanova
72.3%
1989
Seton Hall
69.1%
1963
Cincinnati
58.5%
1974
Marquette
57.4%
1969
Purdue
55.3%
1960
California
39.4%
1970
Jacksonville
35.1%
1967
Dayton
21.3%
Quiz Playlist
Details
Report
Send in Message
Add To Playlist
Classic:
Type in answers that appear in a list
Last Updated: Apr 14, 2023
Quiz Scoreboard
CHALLENGE
Sign Up to Join the Scoreboard
Show All
Scores
Hide
Comments
May contain spoilers
Recently Published
Street Fighter Characters
by Artimus82
Gaming
60s
9x9 Crossword: Cartoon Network
by jackfrog10
Miscellaneous
3m
College Basketball Coaching Resumes
by pancakes188
Sports
9m
More to Explore
Quiz From the Vault
Featured Blog Post
Where Did the Easter Bunny Come From?
hide this ad
You Might Also Like...
Tags
final
Loser
madness
March
March Madness
team
Today's Top Quizzes in Sports
Browse Sports
hide this ad
Today's Top Quizzes in Loser
Browse Loser
Top Contributed Quizzes in Sports
1
2022 World Cup Stars
2
Les meilleurs buteurs des matchs entre le PSG et l’OM
3
FIFA Club World Cup Champions
4
Les entraîneurs de l'OM et du PSG au 21e siècle
5
Criteria MLB: Left Handed Sluggers
6
2023 MLB Unique Player Accomplishments
7
AFC Teams Reveal (Wrong Answers Minefield)
8
Players with Multiple 50 Home Run Seasons
9
5-to-1: FBS Animal Nicknames
10
5-to-1: UK Sports Teams
Explore More
Trending Topics
Harry Potter
Disney
Crossword
Kpop
Marvel
Anime
NBA
Soccer
Country
Song
WWE
The Office
NFL
Pokémon
Puzzle
hide this ad
More By:
joeym3546
Quiz
Plays
Rating
Category
Featured
Created
Pittsburgh Pirates Home Run leaders by year
462
5.00
Sports
Apr 6, 2016
Pittsburgh Penguins from 2005-2017
275
4.50
Sports
Mar 9, 2016
Pittsburgh Pirates Top Batting Average
245
3.00
Sports
Oct 7, 2014
Pittsburgh Penguins 20 Goal Scorers
243
5.00
Sports
Mar 8, 2016
100 Rock Songs
200
1.00
Music
Oct 6, 2014
Go to Creator's Profile
Score Distribution
Quiz Creator Spotlight
joeym3546
Follow
Send a Message
Quizzes Created
-
Created Quiz Play Count
-
More By This Creator
Popular Quizzes Today
1
Find the US States - No Outlines Minefield
2
Find the Countries of Europe - No Outlines Minefield
3
The Countries of the World
4
Find the US States
5
Risky Map Clicking: Biggest States A-Z
6
US States
7
Popular People in 1961
8
Movies - When Are They Set?
More Sports Quizzes
Presidential All-Stars: Third Base
Quiz Lab
Trending Quizzes
Risky Map Clicking: Least Populous States A-Z
1-10 Letter G Words
Risky Map Clicking: Next State Alphabetically
Adjectives in 80s TV Shows
The Seven Year Switch: Catherine
Recently Updated
Leaping Animals
pecheneg
Reality TV Shows (A-Z)
bhenderson79
Rickey Henderson's Hall of Fame Teammates
pecheneg
Champions League XIs: Arsenal
pecheneg
Quick Pick: Celebrities in WWE's Hall of Fame
aduchscher
A-Z Keypad Blitz II
pecheneg
Multiple Oscar Actors
pecheneg
Mystery Phrase Blitz: Oscar 'Best Actors'
pecheneg
F. Scott Fitzgerald Novels
LTH
Pick 3 Villains
ddd62291
Trending Topics
Crossword
Disney
Marvel
NBA
Kpop
Anime
Harry Potter
Song
Country
NFL
Pokémon
Soccer
The Office
WWE
Puzzle
Your Account Isn't Verified!
In order to create a playlist on Sporcle, you need to verify the email address you used during registration. Go to your
Sporcle Settings
to finish the process.
Report this User
Report this user for behavior that violates our
Community Guidelines
.
Details:
Send Report
Go to the Sporcle.com Mobile Site →
Comments